00358pab a2200121 454500008004000000100001800040245009000058260000900148300001300157362001200170650002300182773003100205180718b2014 xxu||||| |||| 00| 0 eng d aJahr, Michael aA hybrid approach to quantitative software project scheduling within agile frameworks c2014 ap.35-45. aJun-Jul aProject management aProject Management Journal